Cuevas en hielo y ríos bajo los glaciares / (Record no. 11309)

MARC details
000 -LEADER
campo de control de longitud fija 00871nam a22002775i 4500
001 - NÚMERO DE CONTROL
campo de control 11309
003 - IDENTIFICADOR DE NÚMERO DE CONTROL
campo de control ES-MaACL
005 - FECHA Y HORA DE LA ÚLTIMA TRANSACCIÓN
campo de control 20230906150055.0
007 - CAMPO FIJO DE DESCRIPCIÓN FÍSICA--INFORMACIÓN GENERAL
campo de control de longitud fija t|
008 - DATOS DE LONGITUD FIJA--INFORMACIÓN GENERAL
campo de control de longitud fija 950130s1994 sp ||||0| spa j
020 ## - NÚMERO INTERNACIONAL ESTÁNDAR DEL LIBRO
Número Internacional Estándar del Libro 84-481-0188-X
040 ## - FUENTE DE CATALOGACIÓN
Centro catalogador/agencia de origen M-BN
Lengua de catalogación spa
Centro/agencia transcriptor M-BN
080 ## - NÚMERO DE LA CLASIFICACIÓN DECIMAL UNIVERSAL
Número de la Clasificación Decimal Universal 551.32(035)
100 1# - ENTRADA PRINCIPAL--NOMBRE DE PERSONA
Nombre de persona Eraso, Adolfo.
9 (RLIN) 47351
245 10 - MENCIÓN DEL TÍTULO
Título Cuevas en hielo y ríos bajo los glaciares /
Mención de responsabilidad, etc. Adolfo Eraso, Marian Pulina.
260 ## - PUBLICACIÓN, DISTRIBUCIÓN, ETC.
Lugar de publicación, distribución, etc. Madrid :
Nombre del editor, distribuidor, etc. McGraw-Hill,
Fecha de publicación, distribución, etc. D.L. 1994.
300 ## - DESCRIPCIÓN FÍSICA
Extensión XVI, 242 p ;
Dimensiones 21 cm.
490 1# - MENCIÓN DE SERIE
Mención de serie Serie McGraw-Hill de divulgación científica
500 ## - NOTA GENERAL
Nota general Indice.
504 ## - NOTA DE BIBLIOGRAFÍA, ETC.
Nota de bibliografía, etc. Bibliografía: p. 209-233.
650 14 - PUNTO DE ACCESO ADICIONAL DE MATERIA--TÉRMINO DE MATERIA
Término de materia o nombre geográfico como elemento de entrada Glaciares-
Subdivisión de forma Obras de divulgación.
9 (RLIN) 13124
700 1# - ENTRADA AGREGADA--NOMBRE PERSONAL
Nombre de persona Pulina, Marian.
9 (RLIN) 94381
830 0# - PUNTO DE ACCESO ADICIONAL DE SERIE-TÍTULO UNIFORME
Título uniforme Serie McGraw-Hill de divulgación científica
9 (RLIN) 178515
852 ## - LOCALIZACIÓN
Ubicación ES-MaACL
Número de control de estantería L-18569
Sublocalización o colección R.124890
Holdings
Estatus retirado Estado de pérdida Estado de daño No para préstamo Biblioteca de origen Biblioteca actual Ubicación en estantería Fecha de adquisición Fuente de adquisición Total de préstamos Signatura topográfica completa Código de barras Visto por última vez Precio de reemplazo Tipo de ítem Koha
        Biblioteca del Ateneo de Madrid Biblioteca del Ateneo de Madrid Depósito 2 17/01/2008     L-18569 1011532 23/02/2023 23/02/2023 Libro impreso